Városi szemle : közlemények a városi közigazgatás és statisztika köréből.
Uložené v:
| Predchádzajúci názov: | Fővárosi közlemények |
|---|---|
| Médium: | Časopis |
| Jazyk: | Hungarian |
| Vydané: |
Budapest :
Budapest Székesfőváros Statisztikai Hivatala,
1908-1948.
|
| Tagy: |
Pridať tag
Žiadne tagy, Buďte prvý kto otaguje tento záznam!
|
Titul je dostupný aj v ... 

MARC
| LEADER | 00000nas a22000004a 4500 | ||
|---|---|---|---|
| 001 | 000701034 | ||
| 003 | SVKKK | ||
| 005 | 20230816133742.0 | ||
| 008 | 230816d19081948hu ur|p|||||||0|||b0hun c | ||
| 040 | |a KE001 |b slo |e AACR2 | ||
| 041 | 0 | |a hun | |
| 044 | |a hu |c HU | ||
| 245 | 0 | 0 | |a Városi szemle : |b közlemények a városi közigazgatás és statisztika köréből. |
| 246 | 3 | 3 | |a Városi szemle |
| 260 | |a Budapest : |b Budapest Székesfőváros Statisztikai Hivatala, |c 1908-1948. | ||
| 310 | |a periodicita neznáma | ||
| 362 | 0 | |a Évf. 1, sz. 1 (jan. 1908) - évf. 34, sz. 5/6 (1948) |z OSZK/2011 | |
| 500 | |a Redaktor: Harrer Ferenc | ||
| 500 | |a Nevychádzal: 11.évf. 1/6.sz. (1918. jan./jún.)-12.évf. 1/2.sz. (1926. nov./dec.) | ||
| 525 | |a Mal prílohu: Városügyi bibliográfia (1913-1914) | ||
| 780 | 0 | 0 | |t Fővárosi közlemények |
| 910 | |a KE001 |b B.3548 | ||
| 998 | |a SE | ||
| 090 | |g CASOS |k Sklad Pribinova 1. posch. |a B.3548 |j 95532 |i 2720988177 |s Prezenčne | ||
| 090 | |g CASOS |k Sklad Pribinova 1. posch. |a B.3548 |j 95532a |i 2720988178 |s Prezenčne | ||